Evaluación del comportamiento productivo y económico del cultivo de pepino Cucumis sativus l. bajo diferentes dosis de fertilización sintética y de un consorcio microbiano en condiciones de campo abierto en la finca agrícola experimental de la universidad nacional de ingeniería (uni), en la comunidad las flores, departamento de Masaya

El presente trabajo se realizó con el propósito de evaluar la variación de dosificaciones de fertilizante en la producción del cultivo de pepino. El establecimiento del experimento se condujo en la Finca Agrícola Experimental (FAE) de la Universidad Nacional de Ingeniería en la comunidad Las F...

Full description

Bibliographic Details
Main Author: Olivas Parrales, Hellen Adriana
Other Authors: Tutor: Acevedo Ampié, Guillermo
Format: Tesis Section = Libro
Language:Undetermined
Spanish
Published: Managua UNI 2022
Subjects:
LEADER 01890nam a2200265Ia 4500
008 240830s9999 xx 000 0 und d
040 |a BIBLIOTECA-RUPAP Mon 631.86 O48 
041 |a spa 
082 |a Mon 631.86 O48 
100 1 |a Olivas Parrales, Hellen Adriana 
245 1 0 |a Evaluación del comportamiento productivo y económico del cultivo de pepino Cucumis sativus l. bajo diferentes dosis de fertilización sintética y de un consorcio microbiano en condiciones de campo abierto en la finca agrícola experimental de la universidad nacional de ingeniería (uni), en la comunidad las flores, departamento de Masaya 
260 |a Managua  |b UNI  |c 2022 
300 |a 74 p. :il. 
500 |a Contiene: anexos y CD. 
502 |a Tesis (Ingeniero Agrícola) - UNI, 2022. 
520 3 |a El presente trabajo se realizó con el propósito de evaluar la variación de dosificaciones de fertilizante en la producción del cultivo de pepino. El establecimiento del experimento se condujo en la Finca Agrícola Experimental (FAE) de la Universidad Nacional de Ingeniería en la comunidad Las Flores, departamento de Masaya. Se utilizó un diseño de bloques completos al azar, siendo los aportes de fertilizantes de 2 quintales (QQ) de 12-30-10; 2 QQ de 46-0-0 y 3 QQ de 0-0-60 para una manzana de cultivo en diferentes momentos de aplicación para el tratamiento T1, cantidades expresadas en la carta tecnológica del INTA, para los tratamientos T2 y T3 se aumentó un 25% y 75% respectivamente con respecto al tratamiento T1, con respecto al tratamiento T4 se aplicó 147 litros/manzana del consorcio microbiano. 
650 7 |a RIEGO 
650 7 |b  RIEGO POR GOTEO 
650 7 |c  SISTEMAS DE RIEGO 
650 7 |d  ABASTECIMIENTO DE AGUA 
650 7 |e  EVALUACION HIDRAULICA 
700 1 |a Tutor:  |b Acevedo Ampié, Guillermo 
942 |c BK  |2 ddc 
991 |a TESIS 
999 |c 19058